Mexico States to Capitals Quiz - Statistics

General Stats
  • This quiz has been taken 34 times
  • The average score is 23 of 32
Answer Stats
State Capital % Correct
Aguascalientes Aguascalientes
94%
Jalisco Guadalajara
90%
Nuevo León Monterrey
90%
Baja California Sur La Paz
87%
Queretaro Queretaro
87%
Chihuahua Chihuahua
84%
Colima Colima
84%
Baja California Mexicali
84%
Mexico City Mexico City
84%
Puebla Puebla
84%
San Luís Potosí San Luis Potosí
84%
Zacatecas Zacatecas
84%
Durango Durango
81%
Guanajuato Guanajuato
81%
Yucatan Merida
81%
Tlaxcala Tlaxcala
81%
Oaxaca Oaxaca
77%
Campeche Campeche
74%
Mexico Toluca
65%
Sonora Hermosillo
61%
Michoacan Morelia
61%
Morelos Cuernavaca
58%
Sinaloa Culiacan
58%
Nayarit Tepic
58%
Coahuila Saltillo
55%
Chiapas Tuxtla Gutierrez
55%
Tamaulipas Ciudad Victoria
52%
Guerrero Chilpancingo
48%
Tabasco Villahermosa
48%
Hidalgo Pachuca
45%
Veracruz Xalapa
45%
Quintana Roo Chetumal
42%
No matching quizzes found
Score Distribution
Percent of People with Each Score
Percentile by Number Answered
Your Score History
You have not taken this quiz